=LDR 00000nam 2200000 4500 =001 001152 =005 20250710112250 =035 ##$$a 0010-0725000020 =007 ta =008 250710################a##########0#ind## =082 ##$$a 398.209 598 =100 #$$a Bannerjee =245 1#$$a Balap Mobil : $b Tidak ada /$c Kanchan Bannerjee =250 ##$$a Pertama =260 ##$$a Jakarta :$b Badan Pengembangan dan Pembinaan Bahasa,$c 2022 =300 ##$$a 14hlm. : $b ilus. ; $c 22,9cm =700 #$$a Kavya Singh =700 #$$a Natasha Mehra =856 ##$$a TBM AS-SYUHADA